Pokal-Special: Spieler, die für Leverkusen und Bayern gespielt haben - Statistiken

Allgemein
  • Dieses Quiz wurde 66 mal gespielt
  • Das Durchschnittsergebnis liegt bei 9 aus 14
Antwortstatistiken
Nationalität aktueller Verein Spieler % Korrekt
Chile Colo Colo Arturo Vidal
91%
Kroatien FC Bayern München Josip Stanisic
91%
Deutschland FC Bayern München Jonathan Tah
82%
Brasilien - /Karrierende 2020 Lucio
82%
Brasilien - / Karriereende 2017 Ze Roberto
82%
Deutschland - /Karriereende 2012 Michael Ballack
75%
Deutschland -/ Karriereende 2024 Toni Kroos
75%
Deutschland Borussia Dortmund Emre Can
58%
USA -/ Karrierende 2019 Landon Donovan
56%
Kroatien -/ Karriereende 2009 Niko Kovac
53%
Kroatien -/ Karriereende 2010 Robert Kovac
53%
Brasilien -/ Karriereende 2003 Paulo Sergio
42%
Deutschland - / Karriereende 2012 Hans Jörg Butt
35%
Brasilien -/ Karriereende 2002 Jorginho
11%
Keine übereinstimmenden Quizze gefunden
Verteilung der Resultate
Anzahl Personen mit jedem Resultat
Perzentil nach korrekt beantworteten Fragen
Ihre Resultats-Entwicklung
Sie haben dieses Quiz noch nicht gespielt